<The> rise of the Korean economy

Na minha lista:
Detalhes bibliográficos
Autor principal: Song, Byung-Nak
Formato: Livro
Idioma:inglês
Publicado em: New York Oxford University Press 2003
Edição:3. ed.
Assuntos:
Tags: Adicionar Tag
Sem tags, seja o primeiro a adicionar uma tag!

MARC

LEADER 00000nam$a2200000$$$4500
001 0033816
005 20240306135329.3
020 |a 0-19-592827-X 
041 0 |a eng 
044 |a US 
245 1 0 |a <The> rise of the Korean economy  |c Byung-Nak Song 
250 |a 3. ed. 
264 1 |a New York  |b Oxford University Press  |c 2003 
300 |a 365 s. 
610 2 0 |a politika hospodárska 
610 2 0 |a rast hospodársky 
610 2 0 |a obyvateľstvo 
610 2 0 |a kultúra 
610 2 0 |a kapitalizmus 
610 2 0 |a prostredie ekonomické 
610 2 0 |a obchod zahraničný 
610 2 0 |a priemysel 
610 2 0 |a plánovanie hospodárske 
610 2 0 |a spotreba 
610 2 0 |a úspory 
610 2 0 |a systémy riadenia 
610 2 0 |a vzťahy medzinárodné 
610 2 0 |a konkurencieschopnosť 
610 2 0 |a modely 
610 2 0 |a prognózy 
610 2 0 |a Kórea 
610 2 0 |a Japonsko 
100 1 |a Song, Byung-Nak